| 000 | 00513nam a2200181Ia 4500 | ||
|---|---|---|---|
| 999 |
_c29960 _d29960 |
||
| 003 | OSt | ||
| 005 | 20201112132339.0 | ||
| 008 | 190216s9999||||xx |||||||||||||| ||und|| | ||
| 020 | _a9788130009773 | ||
| 040 | _coclc | ||
| 082 |
_a894.8123 _bKUN/S |
||
| 100 |
_a Kunhabdulla, Punathil _96411 |
||
| 245 | 0 |
_aSooryan / _cPunathil Kunhabdulla |
|
| 260 |
_bPoorna Publications, _c2009. _aKozhikode: |
||
| 300 | _a80p | ||
| 650 | _aNovel | ||
| 942 |
_cBK _2ddc _h894.8123 _iKUN/S _k894.8123 _mKUN/S |
||